[Event "II Magistral Blitz Quart"]
[Site "Quart de Poblet, Spain"]
[Date "2019.08.08"]
[Round "6.3"]
[White "Lara Lopez, Jose"]
[Black "Galvan, Jesus"]
[Result "0-1"]
[WhiteElo "2271"]
[BlackElo "2200"]
[PlyCount "56"]
[EventDate "2019.??.??"]

1. e4 {[%clk 00:07:04]  [%emt 00:00:10]} 1... c5 {[%clk 00:07:06]} 2. Nc3 {
[%clk 00:07:06]} 2... Nc6 {[%clk 00:07:08]} 3. g3 {[%clk 00:07:04]} 3... g6 {
[%clk 00:07:10]} 4. Bg2 {[%clk 00:07:06]} 4... Bg7 {
[%clk 00:07:12]  [%emt 00:00:12]} 5. Nge2 {[%clk 00:07:08]} 5... e6 {
[%clk 00:07:12]} 6. O-O {[%clk 00:07:03]  [%emt 00:00:07]} 6... Nge7 {
[%clk 00:07:14]} 7. d3 {[%clk 00:07:04]  [%emt 00:00:17]} 7... O-O {
[%clk 00:07:11]  [%emt 00:00:03]} 8. Be3 {[%clk 00:07:06]} 8... Nd4 {
[%clk 00:07:11]} 9. Nc1 {[%clk 00:06:24]  [%emt 00:00:34]} 9... d5 {
[%clk 00:07:03]  [%emt 00:00:36]} 10. Qd2 {[%clk 00:05:41]  [%emt 00:00:21]}
10... Nxc2 {[%clk 00:05:16]  [%emt 00:01:50]} 11. Qxc2 {[%emt 00:00:07]} 11...
d4 12. Bd2 {[%clk 00:05:45]} 12... dxc3 {[%clk 00:05:21]} 13. Bxc3 {
[%clk 00:05:41]  [%emt 00:00:33]} 13... e5 {[%clk 00:05:23]} 14. f4 {
[%clk 00:05:19]  [%emt 00:00:06]} 14... Nc6 {[%clk 00:05:11]  [%emt 00:00:06]}
15. Nb3 {[%clk 00:04:26]  [%emt 00:00:56]} 15... Nd4 {
[%clk 00:04:41]  [%emt 00:00:33]} 16. Nxd4 {[%clk 00:03:28]  [%emt 00:01:00]}
16... cxd4 {[%clk 00:04:43]  [%emt 00:00:37]} 17. Bb4 {[%clk 00:03:28]} 17...
Re8 {[%clk 00:04:43]} 18. Rac1 {[%clk 00:03:19]  [%emt 00:00:03]} 18... Bd7 {
[%clk 00:02:45]  [%emt 00:01:40]} 19. Qc7 {[%clk 00:02:15]  [%emt 00:01:09]}
19... exf4 {[%clk 00:02:17]  [%emt 00:00:29]} 20. gxf4 {
[%clk 00:01:56]  [%emt 00:00:23]} 20... Bb5 {[%clk 00:02:07]  [%emt 00:00:25]}
21. Rfd1 {[%clk 00:01:15]  [%emt 00:00:32]} 21... Ba6 {
[%clk 00:00:57]  [%emt 00:01:13]} 22. e5 {[%clk 00:01:11]  [%emt 00:00:15]}
22... Qh4 {[%clk 00:00:58]} 23. Bd5 {[%clk 00:00:14]  [%emt 00:00:53]} 23...
Qxf4 {[%clk 00:00:40]  [%emt 00:00:22]} 24. Rf1 {
[%clk 00:00:15]  [%emt 00:00:45]} 24... Qe3+ {[%clk 00:00:38]} 25. Kh1 {
[%clk 00:00:16]} 25... Bxe5 {[%clk 00:00:18]} 26. Qxf7+ {
[%clk 00:00:07]  [%emt 00:00:08]} 26... Kh8 27. Rc7 {[%clk 00:00:09]} 27... Qh6
{[%clk 00:00:18]  [%emt 00:00:08]} 28. Rd7 {[%clk 00:00:04]  [%emt 00:00:06]}
28... Qxh2# {[%clk 00:00:18]} 0-1

[Event "II Magistral Blitz Quart"]
[Site "Quart de Poblet, Spain"]
[Date "2019.08.08"]
[Round "6.4"]
[White "Chernikov, Vladimir"]
[Black "Galvan Cipriani, Viviana"]
[Result "1-0"]
[WhiteElo "2052"]
[BlackElo "2015"]
[PlyCount "47"]
[EventDate "2019.??.??"]

1. c4 {[%clk 00:07:04]  [%emt 00:00:22]} 1... e5 {[%clk 00:07:02]} 2. Nc3 {
[%clk 00:07:04]} 2... Nc6 {[%clk 00:07:04]} 3. Nf3 {[%clk 00:07:04]} 3... Bb4 {
[%clk 00:06:30]  [%emt 00:00:52]} 4. Qc2 {[%clk 00:07:00]} 4... Nf6 {
[%clk 00:06:30]} 5. e3 {[%clk 00:07:02]} 5... O-O {
[%clk 00:06:16]  [%emt 00:00:16]} 6. Nd5 {[%clk 00:07:04]} 6... Bd6 {
[%clk 00:05:58]  [%emt 00:00:11]} 7. Ng5 {[%clk 00:06:43]  [%emt 00:00:24]}
7... g6 {[%clk 00:05:40]  [%emt 00:00:27]} 8. Nxf6+ {[%clk 00:06:43]} 8... Qxf6
{[%clk 00:05:40]} 9. Ne4 {[%clk 00:06:38]  [%emt 00:00:14]} 9... Qf5 {
[%clk 00:05:30]  [%emt 00:00:09]} 10. a3 {[%clk 00:06:06]  [%emt 00:00:43]}
10... Rd8 {[%clk 00:04:34]  [%emt 00:00:49]} 11. Be2 {
[%clk 00:05:58]  [%emt 00:00:13]} 11... Bf8 {[%clk 00:04:34]  [%emt 00:00:03]}
12. Bg4 {[%clk 00:05:56]  [%emt 00:00:07]} 12... Qxe4 {
[%clk 00:00:04]  [%emt 00:04:31]} 13. Qxe4 {[%clk 00:05:56]  [%emt 00:00:04]}
13... f5 {[%clk 00:00:05]} 14. Qd5+ {[%clk 00:05:57]  [%emt 00:00:17]} 14...
Kh8 {[%clk 00:00:06]  [%emt 00:00:08]} 15. Be2 {[%clk 00:05:46]} 15... d6 {
[%clk 00:00:06]} 16. Qd3 {[%clk 00:05:46]} 16... Bg7 {
[%clk 00:00:07]  [%emt 00:00:15]} 17. Qc2 {[%clk 00:05:46]  [%emt 00:00:03]}
17... Be6 {[%clk 00:00:06]} 18. b4 {[%clk 00:05:46]} 18... Ne7 {[%clk 00:00:05]
} 19. Bb2 {[%clk 00:05:47]} 19... Rac8 {[%clk 00:00:06]  [%emt 00:00:04]} 20.
O-O {[%clk 00:05:46]  [%emt 00:00:04]} 20... c6 {
[%clk 00:00:06]  [%emt 00:00:03]} 21. d4 {[%clk 00:05:47]} 21... e4 {
[%clk 00:00:07]  [%emt 00:00:04]} 22. Rfd1 {[%clk 00:05:43]  [%emt 00:00:04]}
22... d5 {[%clk 00:00:08]  [%emt 00:00:04]} 23. Rac1 {
[%clk 00:05:38]  [%emt 00:00:11]} 23... Kg8 {[%clk 00:00:04]  [%emt 00:00:03]}
24. a4 {[%clk 00:05:40]  Bandera} 1-0

[Event "II Magistral Blitz Quart"]
[Site "Quart de Poblet, Spain"]
[Date "2019.08.08"]
[Round "6.5"]
[White "Movsisyan, Tigran"]
[Black "Sanchez Saez, Francisco"]
[Result "0-1"]
[WhiteElo "1310"]
[BlackElo "2186"]
[PlyCount "88"]
[EventDate "2019.??.??"]

1. d4 {[%clk 00:07:05]  [%emt 00:00:12]} 1... Nf6 {[%clk 00:07:03]} 2. Nf3 {
[%clk 00:07:07]} 2... g6 {[%clk 00:07:04]} 3. Bf4 {[%clk 00:07:05]} 3... Bg7 {
[%clk 00:07:06]  [%emt 00:01:20]} 4. e3 {[%clk 00:07:07]} 4... O-O {
[%clk 00:07:06]} 5. Be2 {[%clk 00:07:10]} 5... d6 {[%clk 00:07:07]} 6. O-O {
[%clk 00:07:11]} 6... b6 {[%clk 00:07:06]} 7. h3 {[%clk 00:07:11]} 7... Bb7 {
[%clk 00:07:08]} 8. Nbd2 {[%clk 00:07:02]} 8... Nbd7 {[%clk 00:07:04]} 9. c3 {
[%clk 00:07:04]} 9... Re8 {[%clk 00:06:57]} 10. Qc2 {
[%clk 00:06:56]  [%emt 00:00:04]} 10... e5 {[%clk 00:06:58]} 11. dxe5 {
[%clk 00:06:57]} 11... dxe5 {[%clk 00:06:59]  [%emt 00:00:12]} 12. Bh2 {
[%clk 00:06:59]} 12... Qe7 {[%clk 00:06:55]} 13. Rfd1 {[%clk 00:06:46]} 13...
a6 {[%clk 00:06:56]} 14. Nc4 {[%clk 00:06:27]  [%emt 00:00:18]} 14... Nd5 {
[%clk 00:05:58]  [%emt 00:01:00]} 15. Rd2 {[%clk 00:06:04]  [%emt 00:00:42]}
15... e4 {[%clk 00:05:38]  [%emt 00:00:14]} 16. Nd4 {[%clk 00:06:03]} 16... c5
{[%clk 00:05:31]  [%emt 00:00:10]} 17. Nb3 {[%clk 00:05:36]  [%emt 00:00:27]}
17... Ne5 {[%clk 00:05:21]  [%emt 00:00:38]} 18. Qxe4 {
[%clk 00:04:36]  [%emt 00:01:05]} 18... Nxc3 {[%clk 00:05:12]} 19. Qc2 {
[%clk 00:04:21]  [%emt 00:00:05]} 19... Nxe2+ {[%clk 00:03:15]  [%emt 00:02:06]
} 20. Rxe2 {[%clk 00:04:19]  [%emt 00:00:06]} 20... Nxc4 {
[%clk 00:03:09]  [%emt 00:00:04]} 21. Qxc4 {[%clk 00:04:16]  [%emt 00:00:09]}
21... Rad8 {[%clk 00:03:09]} 22. Qc2 {[%clk 00:03:37]  [%emt 00:00:35]} 22...
Be4 {[%clk 00:03:02]  [%emt 00:00:22]} 23. Qc1 {
[%clk 00:03:18]  [%emt 00:00:13]} 23... Qg5 {[%clk 00:02:58]  [%emt 00:00:13]}
24. f4 {[%clk 00:02:16]  [%emt 00:01:03]} 24... Qe7 {
[%clk 00:02:44]  [%emt 00:00:17]} 25. Rd2 {[%clk 00:01:54]  [%emt 00:00:21]}
25... Bd3 {[%clk 00:02:33]  [%emt 00:00:14]} 26. Kh1 {
[%clk 00:01:27]  [%emt 00:00:30]} 26... Qxe3 {[%clk 00:02:30]  [%emt 00:00:31]}
27. Qd1 {[%clk 00:01:19]  [%emt 00:00:03]} 27... c4 {
[%clk 00:01:45]  [%emt 00:00:31]} 28. Nc1 {[%clk 00:00:34]  [%emt 00:00:49]}
28... Qe1+ {[%clk 00:01:27]  [%emt 00:00:20]} 29. Bg1 {
[%clk 00:00:30]  [%emt 00:00:19]} 29... Qxd1 {[%clk 00:01:19]  [%emt 00:00:03]}
30. Rxd1 {[%clk 00:00:32]} 30... Bxb2 {[%clk 00:01:20]  [%emt 00:00:04]} 31.
Bxb6 {[%clk 00:00:16]  [%emt 00:00:20]} 31... Rb8 {
[%clk 00:00:51]  [%emt 00:00:28]} 32. Nxd3 {[%clk 00:00:09]  [%emt 00:00:10]}
32... Bxa1 {[%clk 00:00:51]  [%emt 00:00:19]} 33. Rxa1 cxd3 {[%clk 00:00:51]}
34. Bc7 {[%clk 00:00:07]} 34... Rb2 {[%clk 00:00:51]  [%emt 00:00:04]} 35. Be5
{[%clk 00:00:09]} 35... Rc2 {[%clk 00:00:50]  [%emt 00:00:08]} 36. Rd1 {
[%clk 00:00:08]  [%emt 00:00:03]} 36... d2 {[%clk 00:00:50]} 37. Kh2 {
[%clk 00:00:10]} 37... Rd8 {[%clk 00:00:51]} 38. Bf6 {
[%clk 00:00:10]  [%emt 00:00:04]} 38... Rc1 {[%clk 00:00:36]  [%emt 00:00:15]}
39. Rxd2 {[%clk 00:00:05]  [%emt 00:01:07]} 39... Rxd2 {[%clk 00:00:37]} 40.
Be5 {[%clk 00:00:06]} 40... Rxa2 {[%clk 00:00:38]} 41. Kg3 {[%clk 00:00:08]}
41... Rcc2 {[%clk 00:00:39]} 42. Kh4 {[%clk 00:00:08]} 42... Rxg2 {
[%clk 00:00:40]} 43. Bf6 {[%clk 00:00:11]} 43... Ra5 {[%clk 00:00:40]} 44. Bg5
{[%clk 00:00:12]} 44... Rf5 {[%clk 00:00:40]  Bandera} 0-1

[Event "II Magistral Blitz Quart"]
[Site "Quart de Poblet, Spain"]
[Date "2019.08.08"]
[Round "7.1"]
[White "Sanchez Saez, Francisco"]
[Black "Kovacevic, Slobodan"]
[Result "0-1"]
[WhiteElo "2186"]
[BlackElo "2395"]
[PlyCount "64"]
[EventDate "2019.??.??"]

1. e4 {[%clk 00:07:00]  [%emt 00:00:11]} 1... c5 {[%clk 00:07:05]} 2. Nf3 {
[%clk 00:07:01]} 2... e6 {[%clk 00:07:08]} 3. d4 {
[%clk 00:07:02]  [%emt 00:00:05]} 3... cxd4 {[%clk 00:07:09]} 4. Nxd4 {
[%clk 00:07:04]  [%emt 00:00:23]} 4... a6 {[%clk 00:07:12]} 5. Nc3 {
[%clk 00:06:57]} 5... Qc7 {[%clk 00:07:13]} 6. Bd3 {[%clk 00:06:48]} 6... Nf6 {
[%clk 00:07:15]  [%emt 00:00:05]} 7. f4 {[%clk 00:06:47]  [%emt 00:00:05]} 7...
d6 {[%clk 00:07:17]} 8. Qe2 {[%clk 00:06:45]  [%emt 00:00:04]} 8... Nbd7 {
[%clk 00:07:18]} 9. g4 {[%clk 00:06:46]  [%emt 00:00:04]} 9... g6 {
[%clk 00:07:14]  [%emt 00:00:04]} 10. g5 {[%clk 00:06:30]  [%emt 00:00:19]}
10... Nh5 {[%clk 00:07:15]  [%emt 00:00:06]} 11. Be3 {
[%clk 00:06:21]  [%emt 00:00:07]} 11... Bg7 {[%clk 00:07:16]  [%emt 00:00:14]}
12. Qf2 {[%clk 00:05:42]  [%emt 00:00:31]} 12... b5 {
[%clk 00:06:48]  [%emt 00:00:37]} 13. Bxb5 {[%clk 00:04:47]  [%emt 00:00:52]}
13... axb5 {[%clk 00:06:46]  [%emt 00:00:06]} 14. Ncxb5 {
[%clk 00:04:26]  [%emt 00:00:22]} 14... Qb8 {[%clk 00:06:39]  [%emt 00:00:11]}
15. a4 {[%clk 00:04:00]  [%emt 00:00:29]} 15... Bb7 {
[%clk 00:06:27]  [%emt 00:00:15]} 16. f5 {[%clk 00:02:18]  [%emt 00:01:46]}
16... Bxd4 {[%clk 00:05:41]  [%emt 00:01:13]} 17. Bxd4 {
[%clk 00:02:18]  [%emt 00:00:31]} 17... O-O {[%clk 00:05:43]} 18. O-O {
[%clk 00:00:10]  [%emt 00:02:53]} 18... Bxe4 {[%clk 00:05:40]} 19. fxe6 {
[%clk 00:00:12]} 19... fxe6 {[%clk 00:05:40]} 20. Qe2 {[%clk 00:00:15]} 20...
d5 {[%clk 00:05:32]  [%emt 00:00:04]} 21. Rxf8+ {[%clk 00:00:16]} 21... Nxf8 {
[%clk 00:05:13]} 22. Rf1 {[%clk 00:00:17]} 22... Ng3 {
[%clk 00:04:17]  [%emt 00:00:07]} 23. Qf2 {[%clk 00:00:17]  [%emt 00:00:07]}
23... Nxf1 {[%clk 00:04:04]  [%emt 00:00:12]} 24. Qxf1 {[%clk 00:00:19]} 24...
e5 {[%emt 00:00:14]} 25. Bc5 Qd8 {[%clk 00:03:52]  [%emt 00:00:06]} 26. h4 {
[%clk 00:00:22]  [%emt 00:00:05]} 26... Ne6 {[%clk 00:03:50]  [%emt 00:00:05]}
27. Bd6 {[%clk 00:00:24]} 27... Rxa4 {[%clk 00:03:39]  [%emt 00:00:19]} 28.
Bxe5 {[%clk 00:00:24]} 28... Qf8 {[%clk 00:03:34]  [%emt 00:00:08]} 29. Bf6 {
[%clk 00:00:22]} 29... Qc5+ {[%clk 00:03:21]  [%emt 00:00:16]} 30. Kh2 {
[%clk 00:00:20]  [%emt 00:00:06]} 30... Ra1 {[%clk 00:03:04]  [%emt 00:00:20]}
31. Qe2 {[%clk 00:00:13]  [%emt 00:00:10]} 31... Qg1+ {
[%clk 00:03:02]  [%emt 00:00:07]} 32. Kh3 {[%clk 00:00:16]} 32... Bf5+ {
[%clk 00:03:01]  [%emt 00:00:08]} 0-1

[Event "II Magistral Blitz Quart"]
[Site "Quart de Poblet, Spain"]
[Date "2019.08.08"]
[Round "7.2"]
[White "Galvan Cipriani, Viviana"]
[Black "Movsisyan, Tigran"]
[Result "1-0"]
[WhiteElo "2015"]
[BlackElo "1310"]
[PlyCount "95"]
[EventDate "2019.??.??"]

1. c4 {[%clk 00:07:04]  [%emt 00:00:11]} 1... Nf6 {[%clk 00:07:05]} 2. Nc3 {
[%clk 00:07:04]} 2... e6 {[%clk 00:07:07]} 3. e4 {[%clk 00:07:06]} 3... c6 {
[%clk 00:07:07]  [%emt 00:00:12]} 4. e5 {[%clk 00:07:07]} 4... Ng8 {
[%clk 00:07:06]} 5. d4 {[%clk 00:06:58]  [%emt 00:00:15]} 5... d5 {
[%clk 00:07:08]} 6. exd6 {[%clk 00:06:53]  [%emt 00:00:13]} 6... Bxd6 {
[%clk 00:07:09]} 7. Be3 {[%clk 00:06:53]} 7... Nf6 {[%clk 00:07:08]} 8. g3 {
[%clk 00:06:44]  [%emt 00:00:08]} 8... O-O {[%clk 00:07:09]  [%emt 00:00:22]}
9. Bg2 {[%clk 00:06:45]} 9... Nbd7 {[%clk 00:07:06]} 10. f4 {
[%clk 00:06:17]  [%emt 00:00:20]} 10... Bb4 {[%clk 00:06:52]  [%emt 00:00:30]}
11. Nge2 {[%clk 00:06:08]} 11... Qc7 {[%clk 00:06:07]  [%emt 00:00:52]} 12. a3
{[%clk 00:05:55]  [%emt 00:00:45]} 12... Bxc3+ {[%clk 00:06:06]} 13. Nxc3 {
[%clk 00:05:55]} 13... Nb6 {[%clk 00:05:51]  [%emt 00:00:07]} 14. Qe2 {
[%clk 00:05:36]  [%emt 00:00:05]} 14... Nbd7 {[%clk 00:04:55]  [%emt 00:00:59]}
15. O-O {[%clk 00:05:35]  [%emt 00:00:06]} 15... b6 {
[%clk 00:04:56]  [%emt 00:00:03]} 16. b4 {[%clk 00:05:15]  [%emt 00:00:20]}
16... Bb7 {[%clk 00:04:51]  [%emt 00:00:32]} 17. Rac1 {
[%clk 00:04:42]  [%emt 00:00:13]} 17... a5 {[%clk 00:02:54]  [%emt 00:02:03]}
18. d5 {[%clk 00:04:07]  [%emt 00:00:36]} 18... exd5 {
[%clk 00:02:48]  [%emt 00:00:11]} 19. cxd5 {[%clk 00:04:07]  [%emt 00:00:20]}
19... Ba6 {[%clk 00:01:27]  [%emt 00:01:06]} 20. b5 {
[%clk 00:03:51]  [%emt 00:00:31]} 20... cxb5 {[%clk 00:01:21]  [%emt 00:00:15]}
21. d6 {[%clk 00:02:58]  [%emt 00:00:36]} 21... Qxd6 {
[%clk 00:00:55]  [%emt 00:00:32]} 22. Bxa8 {[%clk 00:02:59]  [%emt 00:00:03]}
22... Rxa8 {[%clk 00:00:56]  [%emt 00:00:03]} 23. Nxb5 {
[%clk 00:01:15]  [%emt 00:01:43]} 23... Qd5 {[%clk 00:00:31]  [%emt 00:00:45]}
24. a4 {[%clk 00:01:15]} 24... Ne4 {[%clk 00:00:29]} 25. Rfd1 {
[%clk 00:00:44]  [%emt 00:00:31]} 25... Qf5 {[%clk 00:00:18]  [%emt 00:00:33]}
26. Qb2 {[%clk 00:00:24]  [%emt 00:00:07]} 26... Bxb5 {
[%clk 00:00:07]  [%emt 00:00:05]} 27. Qxb5 {[%clk 00:00:24]  [%emt 00:00:32]}
27... Qxb5 {[%clk 00:00:07]} 28. axb5 {[%clk 00:00:25]} 28... Ndc5 {
[%clk 00:00:08]  [%emt 00:00:03]} 29. Bxc5 {[%clk 00:00:14]} 29... Nxc5 {
[%clk 00:00:10]} 30. Rd6 {[%clk 00:00:14]} 30... a4 {
[%clk 00:00:08]  [%emt 00:00:03]} 31. Rxb6 {[%clk 00:00:12]  [%emt 00:00:11]}
31... Nb3 {[%clk 00:00:09]} 32. Rc2 {[%clk 00:00:10]} 32... g6 {
[%clk 00:00:06]  [%emt 00:00:05]} 33. Ra6 {[%clk 00:00:10]  [%emt 00:00:04]}
33... Rb8 {[%clk 00:00:06]  [%emt 00:00:08]} 34. b6 {
[%clk 00:00:09]  [%emt 00:00:14]} 34... Nd4 {[%clk 00:00:07]} 35. Ra2 {
[%clk 00:00:09]} 35... Kg7 {[%clk 00:00:07]  [%emt 00:00:03]} 36. R2xa4 {
[%clk 00:00:10]} 36... Ne2+ {[%clk 00:00:08]} 37. Kg2 {[%clk 00:00:11]} 37...
Nc3 {[%clk 00:00:10]} 38. Ra3 {[%clk 00:00:12]  [%emt 00:00:04]} 38... Nd5 {
[%clk 00:00:11]} 39. Rb3 {[%clk 00:00:12]} 39... Rb7 {
[%clk 00:00:12]  [%emt 00:00:03]} 40. h3 {[%clk 00:00:13]} 40... h6 {
[%clk 00:00:11]  [%emt 00:00:18]} 41. Rb5 {[%clk 00:00:12]} 41... Nc3 {
[%clk 00:00:07]} 42. Rb3 {[%clk 00:00:12]} 42... Nd5 {[%emt 00:00:07]} 43. Kf3
{[%clk 00:00:12]} 43... Kf6 {[%clk 00:00:06]  [%emt 00:00:07]} 44. Rb5 {
[%clk 00:00:07]  [%emt 00:00:04]} 44... Ke6 {[%clk 00:00:06]  [%emt 00:00:08]}
45. Ra7 {[%clk 00:00:05]  [%emt 00:00:04]} 45... Rxb6 {
[%clk 00:00:05]  [%emt 00:00:04]} 46. Rxb6+ {[%clk 00:00:06]} 46... Nxb6 {
[%clk 00:00:07]} 47. Ra6 {[%clk 00:00:08]} 47... Ke7 {
[%clk 00:00:09]  [%emt 00:00:11]} 48. Rxb6 {[%clk 00:00:10]} 1-0

[Event "II Magistral Blitz Quart"]
[Site "Quart de Poblet, Spain"]
[Date "2019.08.08"]
[Round "7.3"]
[White "Galvan, Jesus"]
[Black "Chernikov, Vladimir"]
[Result "0-1"]
[WhiteElo "2200"]
[BlackElo "2052"]
[PlyCount "54"]
[EventDate "2019.??.??"]

1. d4 {[%clk 00:06:58]} 1... d5 {[%clk 00:06:57]  [%emt 00:00:10]} 2. Nf3 {
[%clk 00:06:46]  [%emt 00:00:37]} 2... e6 {[%clk 00:06:55]} 3. c4 {
[%clk 00:06:39]} 3... a6 {[%clk 00:06:56]  [%emt 00:00:03]} 4. e3 {
[%clk 00:06:38]} 4... Nf6 {[%clk 00:06:55]  [%emt 00:00:04]} 5. Nc3 {
[%clk 00:06:40]} 5... Be7 {[%clk 00:06:54]  [%emt 00:00:03]} 6. Bd3 {
[%clk 00:06:40]  [%emt 00:00:04]} 6... dxc4 {[%clk 00:06:56]} 7. Bxc4 {
[%clk 00:06:43]} 7... b5 {[%clk 00:06:58]} 8. Bd3 {[%clk 00:06:45]} 8... Bb7 {
[%clk 00:06:52]  [%emt 00:00:10]} 9. O-O {[%clk 00:06:46]} 9... O-O {
[%clk 00:06:51]  [%emt 00:00:04]} 10. Qe2 {[%clk 00:06:48]  [%emt 00:00:04]}
10... c5 {[%clk 00:06:39]  [%emt 00:00:12]} 11. dxc5 {[%clk 00:06:50]} 11...
Bxc5 {[%clk 00:06:36]  [%emt 00:00:06]} 12. Rd1 {
[%clk 00:06:49]  [%emt 00:00:04]} 12... Qb6 {[%clk 00:06:35]  [%emt 00:00:03]}
13. a4 {[%clk 00:06:51]} 13... b4 {[%clk 00:06:16]  [%emt 00:00:21]} 14. Nb1 {
[%clk 00:06:53]} 14... Nc6 {[%clk 00:06:03]  [%emt 00:00:41]} 15. Nbd2 {
[%clk 00:06:55]} 15... Na5 {[%clk 00:05:58]} 16. b3 {[%clk 00:06:55]} 16... h6
{[%clk 00:05:28]  [%emt 00:00:21]} 17. Bb2 {[%clk 00:06:57]} 17... Nd5 {
[%clk 00:05:15]  [%emt 00:00:19]} 18. Rac1 {[%clk 00:06:29]  [%emt 00:00:35]}
18... Bxe3 {[%clk 00:05:04]  [%emt 00:00:08]} 19. fxe3 {
[%clk 00:06:17]  [%emt 00:00:17]} 19... Nf4 {[%clk 00:05:06]  [%emt 00:00:03]}
20. Qe1 {[%clk 00:04:42]  [%emt 00:01:42]} 20... Nxd3 21. Bd4 Qd6 {
[%clk 00:04:01]  [%emt 00:01:04]} 22. Qh4 {[%clk 00:04:33]  [%emt 00:00:15]}
22... Nxc1 {[%clk 00:03:54]  [%emt 00:00:14]} 23. Rxc1 {
[%clk 00:04:25]  [%emt 00:00:18]} 23... Bxf3 {[%clk 00:03:41]  [%emt 00:00:07]}
24. gxf3 {[%clk 00:03:07]  [%emt 00:01:43]} 24... e5 {
[%clk 00:03:10]  [%emt 00:00:10]} 25. Qg3 {[%clk 00:03:01]  [%emt 00:00:20]}
25... Rfe8 {[%clk 00:02:23]  [%emt 00:01:20]} 26. Ne4 {[%clk 00:02:51]} 26...
Qg6 {[%clk 00:02:17]  [%emt 00:00:04]} 27. Bxe5 {[%clk 00:02:43]} 27... Rxe5 {
[%clk 00:02:17]} 0-1

[Event "II Magistral Blitz Quart"]
[Site "Quart de Poblet, Spain"]
[Date "2019.08.08"]
[Round "7.4"]
[White "Ordonez Carrasco, Jorge"]
[Black "Lara Lopez, Jose"]
[Result "0-1"]
[WhiteElo "1559"]
[BlackElo "2271"]
[PlyCount "64"]
[EventDate "2019.??.??"]

1. e4 {[%clk 00:07:04]  [%emt 00:00:10]} 1... e6 {[%clk 00:07:05]} 2. d4 {
[%clk 00:07:05]} 2... d5 {[%clk 00:07:07]} 3. Bd3 {[%clk 00:07:06]} 3... dxe4 {
[%clk 00:07:09]} 4. Bxe4 {[%clk 00:07:08]  [%emt 00:00:04]} 4... Nf6 {
[%clk 00:07:11]} 5. Bf3 {[%clk 00:07:09]} 5... c5 {
[%clk 00:07:13]  [%emt 00:00:09]} 6. Ne2 {[%clk 00:07:06]  [%emt 00:00:04]}
6... Nc6 {[%clk 00:07:13]} 7. Bxc6+ {[%clk 00:07:03]  [%emt 00:00:08]} 7...
bxc6 {[%clk 00:07:15]} 8. O-O {[%clk 00:06:54]  [%emt 00:00:08]} 8... Ba6 {
[%clk 00:06:42]  [%emt 00:00:37]} 9. Re1 {[%clk 00:06:07]  [%emt 00:00:49]}
9... Bxe2 {[%clk 00:06:29]  [%emt 00:00:19]} 10. Qxe2 {
[%clk 00:06:08]  [%emt 00:00:13]} 10... cxd4 {[%clk 00:06:30]} 11. Bg5 {
[%clk 00:05:47]  [%emt 00:00:12]} 11... Be7 {[%clk 00:06:30]  [%emt 00:00:17]}
12. Qc4 {[%clk 00:05:38]  [%emt 00:00:07]} 12... Qd5 {
[%clk 00:06:19]  [%emt 00:00:34]} 13. Nd2 {[%clk 00:05:10]  [%emt 00:00:04]}
13... Rb8 {[%clk 00:05:11]  [%emt 00:01:09]} 14. Qxd5 {
[%clk 00:04:54]  [%emt 00:00:19]} 14... Nxd5 {[%clk 00:03:51]  [%emt 00:01:25]}
15. Bxe7 {[%clk 00:04:54]  [%emt 00:00:04]} 15... Kxe7 {
[%clk 00:03:53]  [%emt 00:00:03]} 16. Nc4 {[%clk 00:04:40]  [%emt 00:00:20]}
16... Nb6 {[%clk 00:03:21]  [%emt 00:00:28]} 17. Ne5 {
[%clk 00:04:07]  [%emt 00:00:39]} 17... Rhc8 {[%clk 00:03:19]  [%emt 00:00:06]}
18. Red1 {[%clk 00:03:56]  [%emt 00:00:10]} 18... f6 {
[%clk 00:03:10]  [%emt 00:00:12]} 19. Nd3 {[%clk 00:03:48]  [%emt 00:00:25]}
19... c5 {[%clk 00:03:09]  [%emt 00:00:09]} 20. b3 {
[%clk 00:03:19]  [%emt 00:00:14]} 20... e5 {[%clk 00:03:02]  [%emt 00:00:37]}
21. Re1 {[%clk 00:03:13]  [%emt 00:00:03]} 21... Kd6 {[%clk 00:02:53]} 22. Rad1
{[%clk 00:02:42]  [%emt 00:00:25]} 22... Nd5 {[%clk 00:02:33]  [%emt 00:00:42]}
23. Nb2 {[%clk 00:02:24]  [%emt 00:00:03]} 23... g5 {
[%clk 00:01:15]  [%emt 00:01:18]} 24. g3 {[%clk 00:02:16]  [%emt 00:00:21]}
24... g4 {[%clk 00:01:14]} 25. Re4 {[%clk 00:01:41]  [%emt 00:00:33]} 25... Nc3
{[%clk 00:01:10]  [%emt 00:00:35]} 26. Rxg4 {[%clk 00:01:38]} 26... Nxd1 {
[%clk 00:01:11]} 27. Nxd1 {[%clk 00:01:39]} 27... c4 {[%clk 00:01:14]} 28. Nb2
{[%clk 00:01:33]  [%emt 00:00:11]} 28... cxb3 {[%clk 00:01:13]} 29. cxb3 {
[%clk 00:01:30]} 29... Rc2 {[%clk 00:01:10]} 30. Nc4+ {
[%clk 00:01:29]  [%emt 00:00:03]} 30... Ke6 {[%clk 00:01:12]} 31. a3 {
[%clk 00:01:21]  [%emt 00:00:38]} 31... Rxb3 {[%clk 00:01:10]} 32. Rg8 {
[%clk 00:01:18]  [%emt 00:00:04]} 32... Rxc4 {[%clk 00:01:10]} 0-1